000 00466nam a2200181Ia 4500
001 22614
005 20260414150842.0
008 260414t2001||||xx |||||||||||||| ||spa||
041 _aESP
082 _a621.3822
_bB81
100 _aBrandstein, Michael
_eAUT
245 0 _aMicrophone arrays :
_bsignal processing techniques and applications
260 _c2001
300 _a398 páginas :
_c24 cm.
650 _aTCA
654 _aCET
942 _cLIB
_dJUS
_fJUS
_2ddc
_n
999 _c22614
_d22614